| 000 | 01789nam0a2200337 i 4500 | ||
|---|---|---|---|
| 001 | RU\NLR\bibl\1987509 | ||
| 005 | 20240921171754.0 | ||
| 010 |
_a9785982521644 _9500 |
||
| 021 |
_aRU _b2012-98613 _97282 |
||
| 035 | _a(nilc)RuMoRGB-006510020 | ||
| 035 | _a(NLR Aleph) 001976094 | ||
| 090 |
_a4023783 _c4023783 |
||
| 100 | _a20130109d2012 k y0rusy50 ca | ||
| 101 | 0 | _arus | |
| 102 | _aRU | ||
| 105 | _aa ||||||||| | ||
| 200 | 1 |
_aСовершенствование методических основ учета и анализа готовой продукции сельскохозяйственной организации _fН.Ф. Илларионова, Е.В. Харитонов _gМ-во сел. хоз-ва и продовольствия РФ, Деп. науч.-технол. политики и образования, ФГБОУ ВПО "Дон. гос. аграр. ун-т" |
|
| 210 |
_aпос. Персиановский, Ростовская обл. _cИзд-во Донского государственного аграрного университета _d2012 |
||
| 215 |
_a121 с. _cил. _d21 |
||
| 320 | _aБиблиогр.: с. 107-117 (102 назв.) и в подстроч. примеч. | ||
| 606 | 1 |
_aСельскохозяйственные организации _xБухгалтерский учет _92110801 _3RU\NLR\auth\661579186 |
|
| 686 | _aУ052.9(2)232 | ||
| 700 | 1 |
_aИлларионова _bН. Ф. _gНаталья Федоровна _4070 |
|
| 701 | 1 |
_aХаритонов _bЕ. В. _gЕвгений Викторович _4070 |
|
| 801 | 0 |
_aRU _bRuMoRKP _c20130109 _gRCR |
|
| 801 | 2 |
_aRU _bРГБ _c20130122 _grcr |
|
| 801 | 1 |
_aRU _bRuMoRKP _c20130109 _2rusmarc |
|
| 801 | 2 |
_aRU _bNLR _c20130116 _grcr |
|
| 942 | _cBOOK | ||
| 980 | _aNBR | ||